Philippians: (Record no. 5900)

000 -LEADER
fixed length control field 00604nam a2200181 a 4500
001 - CONTROL NUMBER
control field :::00003642$&:&@@
003 - CONTROL NUMBER IDENTIFIER
control field OkBaRHE
005 - DATE AND TIME OF LATEST TRANSACTION
control field 20100401125056.0
008 - FIXED-LENGTH DATA ELEMENTS--GENERAL INFORMATION
fixed length control field s1987 j 000 0 eng u
040 ## - CATALOGING SOURCE
Transcribing agency
100 1# - MAIN ENTRY--PERSONAL NAME
Personal name Laurin, Roy Leonard, 1898-1966.
245 10 - TITLE STATEMENT
Title Philippians:
Remainder of title where life advances.
260 ## - PUBLICATION, DISTRIBUTION, ETC. (IMPRINT)
Place of publication, distribution, etc Grand Rapids, MI., :
Name of publisher, distributor, etc Kregel Publications
Date of publication, distribution, etc 1987
300 ## - PHYSICAL DESCRIPTION
Extent 208 p. ;
Dimensions 20 cm.
650 ## - SUBJECT ADDED ENTRY--TOPICAL TERM
Topical term or geographic name as entry element Bible New Testament Philippians
General subdivision Commentaries
942 ## - ADDED ENTRY ELEMENTS (KOHA)
Source of classification or shelving scheme
Koha item type Books
Copies
Source of classification or shelving scheme Lost status Date last seen Koha item type Copy number Withdrawn status Permanent Location Price effective from Date acquired Shelving location Barcode Damaged status Not for loan Full call number
  2018-04-03Books1 RHEMA Bible Training College2010-04-142010-04-14General Stacks3642  BS 2705.3 .L38 1987